• 首页
  • 本馆介绍
  • 公告通知
  • 最新文献
  • 馆藏检索
  • 电子资源
  • 读者导购
  • 参考咨询
  • 我的图书馆
  • 登录
  • 详细信息显示
  • 放入我的书架
  • 预约/预借图书
  • 作者相关作品
  • 分类相关作品
  • 丛书相关作品
  • 出版社相关作品

书目信息

  • 表格格式
  • 工作单格式
  • 卡片格式
题名:
美术常用词通用手语
    
 
作者: ;中国聋人协会 , 国家手语和盲文研究中心 编
分册:  
出版信息: 北京   华夏出版社  2018.01
页数: 239页
开本: 26cm
丛书名:
单 册:
中图分类: H126.3
科图分类:
主题词: 美术--mei shu--手势语--中国--教材
电子资源:
ISBN: 978-7-5080-9251-5
000 01043nam0 2200253 450
001 0109110134
005 20201109110336.0
010    @a978-7-5080-9251-5@dCNY39.00
100    @a20180513d2018 em y0chiy50 ea
101 0  @achi
102    @aCN@b110000
105    @aa z 001yy
106    @ar
200 1  @a美术常用词通用手语@Amei shu chang yong ci tong yong shou yu@f中国聋人协会, 国家手语和盲文研究中心编
210    @a北京@c华夏出版社@d2018.01
215    @a239页@c图@d26cm
300    @a中国通用手语系列国家出版基金项目4
330    @a本书以中国通用手语为基础,汇集基础教育、职业教育和高等教育中美工课、视觉传达设计课等课程中常用的美术专业的手语词汇,涵盖与美术专业相关的多个领域,如通用术语、色彩、国画、油画、水粉画、水彩画、版画、雕塑、动漫等。
606 0  @a美术@Amei shu@x手势语@y中国@j教材
690    @aH126.3@v5
711 02 @a中国聋人协会@Azhong guo long ren xie hui@4编
711 02 @a国家手语和盲文研究中心@Aguo jia shou yu he mang wen yan jiu zhong xin@4编
801  0 @aCN@bBJSZM@c20201103
905    @b1267852-3@dH126.3@e74@f2
    
    美术常用词通用手语/中国聋人协会, 国家手语和盲文研究中心编.-北京:华夏出版社,2018.01
    239页:图;26cm
    中国通用手语系列国家出版基金项目4
    
    ISBN 978-7-5080-9251-5:CNY39.00
    本书以中国通用手语为基础,汇集基础教育、职业教育和高等教育中美工课、视觉传达设计课等课程中常用的美术专业的手语词汇,涵盖与美术专业相关的多个领域,如通用术语、色彩、国画、油画、水粉画、水彩画、版画、雕塑、动漫等。
●
相关链接 在E读中查询图书 在五车中查询图书 在当当中查询图书 在豆瓣中查询图书


正题名:美术常用词通用手语     索取号:H126.3/74         预约/预借

序号 登录号 条形码 馆藏地/架位号 状态 备注
1 1267852   212678529   第二样本阅览室/ [索取号:H126.3/74] 在馆    
2 1267853   212678538   第四借阅区/ [索取号:H126.3/74] 在馆    
唐山师范学院图书馆 欢迎您!
大连网信软件有限公司© 版权所有